Sudden Death: Stazioni della Tube di Londra - Statistics

Statistiche generali
  • Questo quiz è stato fatto 128 volte
  • Il punteggio medio è 4 su 20
Answers on the Grid
Answers color-coded by a green-red scale on the quiz's grid according to % correct below.
Arsenal
Bank
Houston Square
Brent Cross
Buckingham Palace
Canal Street
Cenotaph Square
Baker Street
Central Park
Chelsea
Bermondsey
Chigwell
Chinatown
Cockfosters
Blackfriars
Covent Square
Fifth Avenue
Great Portland Street
Hospital
Lancaster Gate
Maida Vale
Manchester Street
Oak Park
Paddington
Piccadilly Circus
Royal Albert Hall
Royal Library
Ruislip
Russell Square
Serpentine Park
St Andrew's
St James's Park
The British Museum
West Acton
The Shard
Tower of London
Upminster
Washington Wells
Waterloo
Whitechapel
 
Statistiche sulle risposte
Risposta % Corretto
Arsenal
48%
Bank
45%
Piccadilly Circus
40%
Baker Street
35%
Waterloo
25%
Paddington
23%
Brent Cross
20%
St James's Park
15%
Blackfriars
13%
Cockfosters
12%
Lancaster Gate
12%
Russell Square
12%
Whitechapel
10%
Great Portland Street
8%
Maida Vale
8%
Ruislip
8%
West Acton
8%
Bermondsey
7%
Chigwell
7%
Upminster
7%
Nessun quiz corrispondente trovato
Distribuzione punteggi
Percentuale di utenti per punteggio
Percentile per numero di risposta
I tuoi punteggi nel tempo
Non hai fatto questo quiz